01189nam a2200265 i 450000100060000000300090000600500170001500700030003200800410003510000280007624500770010425000130018126000450019430000200023950502410025965000270050070000290052774000880055674000310064474000260067574000590070185200240076099900170078495201220080151236ES-MaACL20250725062532.0t|030811m19071911fr |||| | fre d1 aChappuis, James.93804510aLeçons de physique generale / cpar James Chappuis et Alphonse Berget. a2eme ed. aParis : bGauthier-Villars, c1907-1911. a4 v. ; c25 cm.8 aContiene: T. I: Instruments de mesure, pesanteur, élasticité, statique des liquides et des gaz, chaleur - T. II: Electricite et magnetisme - T. III: Acustique et optique - T. IV: Ondes électriques, radioactivité, electro-optique07aFísica2embne9128771 aBerget, Alphonse.92798502aInstruments de mesure, pesanteur, élasticité, statique des liquides et des gaz.02aElectricite et magnetisme.02aAcustique et optique.02aOndes électriques, radioactivité, electro-optique. aES-MaACLjB-1532-35 c51236d51236 00104070aATENEOMbATENEOMcSPBd2008-01-17eSCl0oB-1532-35p1053889r2023-02-23 00:00:00w2023-02-23yMONOGRAFIA